000 00254nam a22000977a 4500
999 _c534940
_d534940
245 _aPrem Prakash Singh Granth /
260 _aCanada :
_bVirasat Foundation,
_c2004.
300 _a312 p.
942 _2ddc
_cBK